[Event "RUS-ch Men Rapid 2019"]
[Site "Sochi"]
[Date "2019.10.15"]
[Round "2.29"]
[White "Goltsev, Dmitry"]
[Black "Potapov, Pavel"]
[Result "0-1"]
[WhiteElo "2309"]
[BlackElo "2489"]
[Annotator "ChessBase"]
[PlyCount "82"]
[EventDate "2019.10.15"]
[EventType "swiss"]
[EventCountry "RUS"]
[SourceTitle "playchess.com"]
[Source "ChessBase"]
[SourceQuality "1"]
[TimeControl "900+10"]

1. e4 {[%emt 0:00:00]} c5 {[%emt 0:00:00]} 2. Nf3 {[%emt 0:00:00]} Nc6 {[%emt 0:00:00]} 3. d4 {[%emt 0:00:00]} cxd4 {[%emt 0:00:00]} 4. Nxd4 {[%emt 0:00:00]} e5 {[%emt 0:00:00]} 5. Nb5 {[%emt 0:00:01]} d6 {[%emt 0:00:00]} 6. N1c3 {[%emt 0:00:03]} a6 {[%emt 0:00:00]} 7. Na3 {[%emt 0:00:02]} Be7 {[%emt 0:00:05]} 8. Nd5 {[%emt 0:00:21]} Nf6 {[%emt 0:00:03]} 9. Nxf6+ {[%emt 0:00:11]} Bxf6 {[%emt 0:00:01]} 10. Nc4 {[%emt 0:00:17]} Be7 {[%emt 0:00:02]} 11. Be3 {[%emt 0:00:57]} Be6 {[%emt 0:00:30]} 12. Nb6 {[%emt 0:00:02]} Rb8 {[%emt 0:00:02]} 13. Nd5 {[%emt 0:00:32]} O-O {[%emt 0:00:52]} 14. Qd2 {[%emt 0:00:17]} b5 {[%emt 0:02:46]} 15. Rd1 {[%emt 0:01:11]} Bxd5 {[%emt 0:00:02]} 16. Qxd5 {[%emt 0:00:03]} Nd4 {[%emt 0:03:57]} 17. Bxd4 {[%emt 0:00:34]} exd4 {[%emt 0:00:01]} 18. Rxd4 {[%emt 0:01:43]} Bf6 {[%emt 0:00:07]} 19. Rb4 {[%emt 0:00:38]} Rc8 {[%emt 0:00:21]} 20. Bd3 {[%emt 0:00:25]} Qa5 {[%emt 0:03:04]} 21. Qb3 {[%emt 0:00:25]} Bd4 {[%emt 0:00:02]} 22. O-O {[%emt 0:01:08]} Bc5 {[%emt 0:00:02]} 23. a3 {[%emt 0:00:02]} Bxb4 {[%emt 0:00:17]} 24. axb4 {[%emt 0:00:02]} Qb6 {[%emt 0:00:01]} 25. c3 {[%emt 0:01:25]} Rfe8 {[%emt 0:00:08]} 26. Qc2 {[%emt 0:00:44]} h6 {[%emt 0:00:07]} 27. Rd1 {[%emt 0:00:29]} Rcd8 {[%emt 0:00:17]} 28. Be2 {[%emt 0:00:09]} Re5 {[%emt 0:00:38]} 29. Bf3 {[%emt 0:00:12]} a5 {[%emt 0:01:24]} 30. bxa5 {[%emt 0:00:46]} Qxa5 {[%emt 0:00:01]} 31. g3 {[%emt 0:00:02]} b4 {[%emt 0:00:12]} 32. cxb4 {[%emt 0:01:06]} Qxb4 {[%emt 0:00:04]} 33. Qc7 {[%emt 0:00:06]} Qa5 {[%emt 0:01:36]} 34. Qb7 {[%emt 0:02:18]} Rb5 {[%emt 0:00:41]} 35. Qe7 {[%emt 0:00:41]} Rxb2 {[%emt 0:00:38]} 36. e5 {[%emt 0:01:59]} Qb6 {[%emt 0:00:23]} 37. Kh1 {[%emt 0:00:11]} Rf8 {[%emt 0:00:18]} 38. Rg1 {[%emt 0:01:57]} Qxf2 {[%emt 0:00:20]} 39. Bg2 {[%emt 0:00:02]} dxe5 {[%emt 0:00:16]} 40. Qxe5 {[%emt 0:00:01]} Re2 {[%emt 0:00:03]} 41. Qd5 {[%emt 0:00:04]} Re1 {[%emt 0:00:05]} 0-1

[Event "RUS-ch Men Rapid 2019"]
[Site "Sochi"]
[Date "2019.10.15"]
[Round "2.30"]
[White "Smagin, Sergey"]
[Black "Gaydym, Michail"]
[Result "1-0"]
[WhiteElo "2551"]
[BlackElo "2337"]
[Annotator "ChessBase"]
[PlyCount "107"]
[EventDate "2019.10.15"]
[EventType "swiss"]
[EventCountry "RUS"]
[SourceTitle "playchess.com"]
[Source "ChessBase"]
[SourceQuality "1"]
[TimeControl "900+10"]

1. e4 {[%emt 0:00:00]} e5 {[%emt 0:00:00]} 2. Nc3 {[%emt 0:00:00]} Bc5 {[%emt 0:00:04]} 3. g3 {[%emt 0:00:12]} d6 {[%emt 0:00:24]} 4. Bg2 {[%emt 0:00:02]} a6 {[%emt 0:00:49]} 5. Nge2 {[%emt 0:00:23]} Nc6 {[%emt 0:00:15]} 6. d3 {[%emt 0:00:21]} f5 {[%emt 0:00:33]} 7. exf5 {[%emt 0:04:18]} Nf6 {[%emt 0:00:49]} 8. Ne4 {[%emt 0:01:42]} Bb6 {[%emt 0:02:11]} 9. O-O {[%emt 0:01:00]} Bxf5 {[%emt 0:00:38]} 10. N2c3 {[%emt 0:00:07]} O-O {[%emt 0:03:19]} 11. Bg5 {[%emt 0:01:02]} Be6 {[%emt 0:01:57]} 12. Nd5 {[%emt 0:01:33]} Ba7 {[%emt 0:01:54]} 13. Nexf6+ {[%emt 0:02:22]} gxf6 {[%emt 0:00:04]} 14. Be3 {[%emt 0:00:02]} Ne7 {[%emt 0:00:45]} 15. Nxe7+ {[%emt 0:00:52]} Qxe7 {[%emt 0:00:01]} 16. Bxa7 {[%emt 0:00:01]} Rxa7 {[%emt 0:00:01]} 17. d4 {[%emt 0:00:23]} Qd7 {[%emt 0:01:16]} 18. f4 {[%emt 0:00:24]} Qb5 {[%emt 0:00:59]} 19. fxe5 {[%emt 0:00:30]} dxe5 {[%emt 0:00:05]} 20. dxe5 {[%emt 0:00:03]} Qxe5 {[%emt 0:00:39]} 21. Re1 {[%emt 0:00:37]} Qc5+ {[%emt 0:00:06]} 22. Kh1 {[%emt 0:00:01]} Bf5 {[%emt 0:00:56]} 23. b4 {[%emt 0:01:25]} Qxc2 {[%emt 0:00:27]} 24. Qd5+ {[%emt 0:00:36]} Kh8 {[%emt 0:00:01]} 25. Rac1 {[%emt 0:00:10]} Qd3 {[%emt 0:00:04]} 26. Rxc7 {[%emt 0:00:26]} Qxd5 {[%emt 0:00:04]} 27. Bxd5 {[%emt 0:00:00]} Rd8 {[%emt 0:00:27]} 28. Kg1 {[%emt 0:00:10]} Bg6 {[%emt 0:00:05]} 29. Bxb7 {[%emt 0:00:05]} Rb8 {[%emt 0:00:34]} 30. Ree7 {[%emt 0:00:01]} Rd8 {[%emt 0:00:11]} 31. a3 {[%emt 0:00:10]} a5 {[%emt 0:00:01]} 32. b5 {[%emt 0:00:01]} a4 {[%emt 0:00:01]} 33. b6 {[%emt 0:00:08]} Ra5 {[%emt 0:00:01]} 34. Rc8 {[%emt 0:00:24]} Rxc8 {[%emt 0:00:27]} 35. Bxc8 {[%emt 0:00:00]} Rb5 {[%emt 0:00:00]} 36. b7 {[%emt 0:00:02]} Rb2 {[%emt 0:00:39]} 37. Bf5 {[%emt 0:00:15]} Bxf5 {[%emt 0:00:10]} 38. Re8+ {[%emt 0:00:01]} Kg7 {[%emt 0:00:01]} 39. b8=Q {[%emt 0:00:01]} Rxb8 {[%emt 0:00:02]} 40. Rxb8 {[%emt 0:00:01]} Bc2 {[%emt 0:00:01]} 41. Kf2 {[%emt 0:00:03]} h6 {[%emt 0:00:06]} 42. Ke3 {[%emt 0:00:01]} Kg6 {[%emt 0:00:03]} 43. Kf4 {[%emt 0:00:05]} Bd1 {[%emt 0:00:06]} 44. Ra8 {[%emt 0:00:06]} Bc2 {[%emt 0:00:03]} 45. Ra6 {[%emt 0:00:02]} Bd1 {[%emt 0:00:04]} 46. g4 {[%emt 0:00:04]} Bc2 {[%emt 0:00:24]} 47. h4 {[%emt 0:00:02]} Kg7 {[%emt 0:00:07]} 48. Ra7+ {[%emt 0:00:02]} Kg8 {[%emt 0:00:04]} 49. Ke3 {[%emt 0:00:13]} Bd1 {[%emt 0:00:06]} 50. Kf4 {[%emt 0:00:13]} Bc2 {[%emt 0:00:02]} 51. Rc7 {[%emt 0:00:00]} Bd3 {[%emt 0:00:21]} 52. Rc3 {[%emt 0:00:05]} Bg6 {[%emt 0:00:11]} 53. Rc4 {[%emt 0:00:03]} Be8 {[%emt 0:00:03]} 54. Kf5 {[%emt 0:00:18]} 1-0

[Event "RUS-ch Men Rapid 2019"]
[Site "Sochi"]
[Date "2019.10.15"]
[Round "2.31"]
[White "Stambulian, Arsen"]
[Black "Nazaretyan, Tigran"]
[Result "0-1"]
[WhiteElo "2306"]
[BlackElo "2297"]
[Annotator "NA"]
[PlyCount "68"]
[EventDate "2019.10.15"]
[EventType "swiss"]
[EventCountry "RUS"]
[SourceTitle "playchess.com"]
[Source "ChessBase"]
[SourceQuality "1"]
[TimeControl "900+10"]

1. e4 {[%emt 0:00:00]} c5 {[%emt 0:00:00]} 2. Nf3 {[%emt 0:00:00]} Nc6 {[%emt 0:00:00]} 3. d4 {[%emt 0:00:00]} cxd4 {[%emt 0:00:02]} 4. Nxd4 {[%emt 0:00:00]} Nf6 {[%emt 0:00:01]} 5. Nc3 {[%emt 0:00:00]} d6 {[%emt 0:00:01]} 6. Bg5 {[%emt 0:00:01]} e6 {[%emt 0:00:01]} 7. Qd2 {[%emt 0:00:02]} a6 {[%emt 0:00:01]} 8. O-O-O {[%emt 0:00:05]} Bd7 {[%emt 0:00:01]} 9. f4 {[%emt 0:00:10]} h6 {[%emt 0:00:02]} 10. Bxf6 {[%emt 0:00:27]} Qxf6 {[%emt 0:00:03]} 11. Nf3 {[%emt 0:00:21]} Qd8 {[%emt 0:00:52]} 12. Kb1 {[%emt 0:00:18]} Qc7 {[%emt 0:00:22]} 13. f5 {[%emt 0:00:27]} Be7 {[%emt 0:00:59]} 14. g4 {[%emt 0:03:43]} O-O-O {[%emt 0:00:38]} 15. Rg1 {[%emt 0:00:31]} Kb8 {[%emt 0:00:40]} 16. g5 {[%emt 0:00:43]} hxg5 {[%emt 0:00:12]} 17. Nxg5 {[%emt 0:00:02]} Ne5 {[%emt 0:00:27]} 18. Qf2 {[%emt 0:00:48]} Qc5 {[%emt 0:02:04]} 19. Qxc5 {[%emt 0:05:21]} dxc5 {[%emt 0:00:05]} 20. fxe6 {[%emt 0:00:09]} fxe6 {[%emt 0:00:34]} 21. Be2 {[%emt 0:01:08]} Rxh2 {[%emt 0:00:54]} 22. Nf3 {[%emt 0:00:23]} Nxf3 {[%emt 0:00:34]} 23. Bxf3 {[%emt 0:00:02]} Bf6 {[%emt 0:01:41]} 24. e5 {[%emt 0:02:41]} Bxe5 {[%emt 0:00:12]} 25. Ne4 {[%emt 0:00:02]} b6 {[%emt 0:01:06]} 26. Ng5 {[%emt 0:00:41]} Bd4 {[%emt 0:00:47]} 27. Rgf1 {[%emt 0:00:54]} Kc7 {[%emt 0:00:40]} 28. c3 {[%emt 0:00:15]} Bf6 {[%emt 0:00:52]} 29. Ne4 {[%emt 0:00:01]} Bb5 {[%emt 0:00:29]} 30. Rxd8 {[%emt 0:00:19]} Bxf1 {[%emt 0:00:24]} 31. Rf8 {[%emt 0:00:09]} Bd3+ {[%emt 0:00:07]} 32. Kc1 {[%emt 0:00:18]} Rc2+ {[%emt 0:00:39]} 33. Kd1 {[%emt 0:00:01]} Bxe4 {[%emt 0:00:15]} 34. Bxe4 {[%emt 0:00:02]} Rxb2 {[%emt 0:00:03]} 0-1

[Event "RUS-ch Men Rapid 2019"]
[Site "Sochi"]
[Date "2019.10.15"]
[Round "2.32"]
[White "Glek, Igor"]
[Black "Orlinkov, Maxim L."]
[Result "1-0"]
[WhiteElo "2467"]
[BlackElo "2297"]
[Annotator "ChessBase"]
[PlyCount "99"]
[EventDate "2019.10.15"]
[EventType "swiss"]
[EventCountry "RUS"]
[SourceTitle "playchess.com"]
[Source "ChessBase"]
[SourceQuality "1"]
[TimeControl "900+10"]

1. e4 d5 2. exd5 Nf6 3. Nf3 Nxd5 4. d4 Bg4 5. Be2 e6 6. Ne5 Bxe2 7. Qxe2 Nd7 8. O-O Nxe5 9. dxe5 c6 10. Nd2 Qc7 11. Nf3 O-O-O 12. Rd1 h6 13. c4 Ne7 14. Rxd8+ Qxd8 15. Be3 Qa5 16. Bd2 Qc7 17. b4 g5 18. Qe4 Bg7 19. Bc3 Ng6 20. g3 Rd8 21. Re1 Qd7 22. Bd4 b6 23. b5 Kc7 24. a4 c5 25. Be3 Kb8 26. h4 gxh4 27. Nxh4 Qd3 28. Qg4 Rd7 29. Nxg6 Qxg6 30. Qxg6 fxg6 31. f4 Rd3 32. a5 Rc3 33. Kf2 Rxc4 34. Rd1 Kc7 35. Rd6 bxa5 36. Rxe6 a4 37. Rxg6 a3 38. Ra6 Rc2+ 39. Kf3 a2 40. Ke4 Kb7 41. Kd5 Rb2 42. Bxc5 Rd2+ 43. Ke6 Rc2 44. Bd4 Bf8 45. Rxa7+ Kb8 46. Ra4 h5 47. Kf7 Rd2 48. Kxf8 Rxd4 49. Rxa2 Rd3 50. e6 1-0

[Event "RUS-ch Men Rapid 2019"]
[Site "Sochi"]
[Date "2019.10.15"]
[Round "3.1"]
[White "Ponkratov, Pavel"]
[Black "Glek, Igor"]
[Result "1/2-1/2"]
[WhiteElo "2674"]
[BlackElo "2467"]
[Annotator "TA"]
[PlyCount "118"]
[EventDate "2019.10.15"]
[EventType "swiss"]
[EventCountry "RUS"]
[SourceTitle "playchess.com"]
[Source "ChessBase"]
[SourceQuality "1"]

{[%evp 18,118,29,15,32,24,18,14,28,21,22,23,38,13,18,19,14,11,37,37,38,18,33,33,33,18,38,31,58,48,61,39,39,0,0,0,0,0,0,0,0,0,0,0,0,0,0,0,0,0,0,0,0,0,11,0,29,0,0,0,0,0,0,0,0,0,0,0,0,0,0,0,0,-54,0,-68,0,-45,0,0,0,0,0,0,0,-8,0,0,0,0,0,0,0,0,0,0,0,0,0,0,0,0,0]} 1. e4 c5 2. Nf3 Nc6 3. d4 cxd4 4. Nxd4 e5 5. Nb5 a6 6. Nd6+ Bxd6 7. Qxd6 Qe7 8. Qxe7+ Ngxe7 9. Bd2 d5 10. Nc3 Be6 {B32: Sicilian: Löwenthal and Kalashnikov Variations} 11. exd5 (11. O-O-O O-O-O 12. f3 Kc7 13. b3 f6 14. exd5 Nxd5 15. Nxd5+ Rxd5 16. Bd3 h6 17. Be4 Rd7 18. Bc3 {½-½ (73) Carlsen,M (2837)-Radjabov,T (2788) Astana 2012}) 11... Nxd5 12. O-O-O Nxc3 $146 ({Predecessor:} 12... O-O-O 13. Nxd5 Bxd5 14. Bc3 f6 15. h4 Be6 16. Rxd8+ Rxd8 17. Bd3 h6 18. Re1 {½-½ (44) Felgaer,R (2579)-Alonso,S (2506) Buenos Aires 2012}) 13. Bxc3 f6 14. b3 Ke7 15. Be2 Rhd8 16. Bf3 Rxd1+ 17. Rxd1 Rd8 (17... Rc8 {is interesting.} 18. Bb2 Bf5 19. Rd2 Ke8 20. Ba3 b6) 18. Rxd8 Kxd8 $14 {[%mdl 4096] Endgame KBB-KBN} 19. Kd2 Kd7 20. Bb2 b5 21. Ba3 g6 22. Bc5 h5 23. h4 Bg4 {White should prevent ...Bxf3.} 24. Be4 Bf5 25. Bxf5+ (25. Bxc6+ {keeps more tension.} Kxc6 26. Be7 Be4 27. f3 Bf5 28. Bxf6 Kd5 29. Bd8) 25... gxf5 {KB-KN} 26. Kd3 e4+ 27. Ke3 Ke6 28. c3 Ne5 29. g3 Nd3 30. Bd4 Ne1 31. Ke2 Nf3 32. Be3 Kd5 33. Bf4 Ng1+ 34. Ke3 Nf3 35. Bc7 Ne1 36. Bd8 Ke5 37. c4 bxc4 $1 38. bxc4 Ng2+ 39. Kd2 {c5 is the strong threat.} f4 40. gxf4+ Ke6 41. Kc3 Nxh4 42. Kd4 Nf5+ 43. Kxe4 Nd6+ 44. Kd3 h4 {[#] Threatens to win with ...h3.} 45. f5+ ({Better is} 45. Ke2 $11) 45... Nxf5 (45... Kxf5 $15 46. Bc7 Ke6) 46. Bc7 ({White should try} 46. Ke4 $11) 46... h3 ({Black should play} 46... Nd6 $1 $15 47. Ke3 Nxc4+ 48. Kf4 Kd7) 47. Bh2 (47. Ke4 {seems wilder.} Kd7 48. Bf4 Ng7 49. Bh2 Kc6 50. Kf4) 47... Nh4 48. Ke3 {The position is equal.} f5 49. Kf4 Ng6+ 50. Kg3 Ne5 51. c5 Ng4 52. f3 Nxh2 53. Kxh2 Kd5 54. Kxh3 Kxc5 $11 {KPP-KPP} 55. Kh4 {[#] Black must now prevent Kg5.} Kb4 56. Kg5 {Strongly threatening f4.} Ka3 57. Kxf5 Kxa2 58. Ke4 {Threatening mate with f4.} a5 59. f4 {f5 would kill now.} a4 {Accuracy: White = 65%, Black = 62%.} 1/2-1/2

[Event "RUS-ch Men Rapid 2019"]
[Site "Sochi"]
[Date "2019.10.15"]
[Round "3.2"]
[White "Shimanov, Aleksandr"]
[Black "Bryakin, Mikhail"]
[Result "1/2-1/2"]
[WhiteElo "2653"]
[BlackElo "2440"]
[Annotator "TA"]
[PlyCount "40"]
[EventDate "2019.10.15"]
[EventType "swiss"]
[EventCountry "RUS"]
[SourceTitle "playchess.com"]
[Source "ChessBase"]
[SourceQuality "1"]

{[%evp 11,40,22,47,36,54,43,53,54,64,35,42,27,23,14,12,0,0,0,0,14,50,72,58,60,67,64,79,50,42,66,54]} 1. e4 c6 2. d4 d5 3. e5 Bf5 4. Nf3 e6 5. Be2 Nd7 6. O-O Bg6 7. a4 {[%cal Ba2a4,Ba4a5][%mdl 32] B12: Caro-Kann: Advance Variation} (7. Nbd2 Be7 8. a4 Nh6 9. Nb3 Nf5 10. g4 Nh4 11. Nxh4 Bxh4 12. f4 f5 13. Bd3 Qe7 14. gxf5 exf5 {1-0 (34) Grischuk,A (2759)-Bareev,E (2643) Amsterdam 2019}) 7... Ne7 8. a5 Nf5 9. c3 Be7 10. b4 O-O 11. Bf4 b6 $146 ({Predecessor:} 11... Qc7 12. Nbd2 b6 13. Qa4 Rab8 14. axb6 axb6 {½-½ (42) Schumacher,H (2261)-Becker,R ICCF email 2002}) 12. Nbd2 c5 13. dxc5 bxc5 14. b5 f6 15. c4 Bf7 16. Bd3 fxe5 17. Nxe5 Nxe5 18. Bxe5 Bf6 19. Bxf6 Qxf6 20. cxd5 exd5 {Accuracy: White = 64%, Black = 72%.} 1/2-1/2

[Event "RUS-ch Men Rapid 2019"]
[Site "Sochi"]
[Date "2019.10.15"]
[Round "3.3"]
[White "Nazaretyan, Tigran"]
[Black "Timofeev, Artyom"]
[Result "0-1"]
[WhiteElo "2297"]
[BlackElo "2648"]
[Annotator "TA"]
[PlyCount "90"]
[EventDate "2019.10.15"]
[EventType "swiss"]
[EventCountry "RUS"]
[SourceTitle "playchess.com"]
[Source "ChessBase"]
[SourceQuality "1"]

{[%evp 13,90,49,54,20,29,21,35,20,42,41,57,37,33,15,42,32,34,27,46,39,73,25,32,25,54,65,143,141,146,137,142,50,50,50,51,51,118,41,42,41,42,36,41,41,57,42,42,29,37,26,29,29,29,22,21,28,28,27,25,19,38,18,33,35,36,0,0,-16,0,0,37,0,35,40,100,-1100,-1087,-29989,-29990]} 1. d4 Nf6 2. c4 g6 3. Nc3 d5 4. Nf3 Bg7 5. Bg5 c6 6. cxd5 cxd5 7. Qb3 e6 8. Qa3 {D96: Grünfeld: Russian System (5 Qb3): sidelines} (8. e3 O-O 9. Bd3 Qb6 10. Qxb6 axb6 11. Bf4 Na6 12. Ke2 Bd7 13. h3 Rfc8 14. a3 Ne8 15. Rac1 f6 16. g4 Kf7 17. g5 Ke7 18. h4 {1-0 (18) Heimann,A (2576)-Heidenfeld,M (2359) Bad Kissingen 2018}) 8... Nc6 {[%cal Bb8c6,Bc6a5,Ba5c4][%mdl 32]} 9. e3 h6 $146 ({Predecessor:} 9... Qe7 10. Qxe7+ Kxe7 11. Bb5 Bd7 12. Ne5 h6 13. Bh4 g5 14. Bxc6 Bxc6 15. Bg3 Rac8 16. h3 Ne4 17. Nxe4 dxe4 {½-½ (36) Van der Stricht,G (2358)-Blom,V (2228) Belgium 2018}) 10. Bh4 {White is slightly better.} Bf8 11. Qb3 Be7 12. Bb5 O-O 13. Rc1 Na5 14. Qc2 Kg7 15. Ne5 a6 16. Bd3 $36 {[%cal Rd3g6][%mdl 2048] White has some pressure.} Qe8 17. f4 b5 18. O-O Nc4 19. Rf3 Bb7 {[#]} (19... Ng8 $14 20. Bxe7 Nxe7) 20. Rg3 $1 $16 {[%cal Rd3g6]} Ne4 21. Bxe7 Qxe7 22. Nxe4 (22. Bxe4 $16 dxe4 23. Nxe4) 22... Nxe5 $14 23. Nc5 ({Much weaker is} 23. fxe5 dxe4 24. Bf1 Rac8 $17) 23... Nxd3 24. Qxd3 b4 {[#]} (24... Rfc8 $14) 25. Rf3 (25. h4 $1 $16) 25... a5 26. Rf2 Bc6 27. Rfc2 Rfc8 28. h3 Be8 29. Kh2 Rcb8 30. b3 a4 31. Qd2 axb3 32. axb3 Ra3 33. Ra2 Rba8 34. Rb2 Rb8 35. Nd3 Qd6 36. Rc5 g5 37. Qf2 f6 38. Qc2 {Rc7+ is the strong threat.} Ra7 39. Qd2 (39. Ra2 $5 {[%cal Ra2a7]} Rab7 40. Rc8 $11) 39... Bg6 40. Nxb4 {Black must now prevent Nc6.} Ra1 {Strongly threatening ...gxf4.} 41. Nc6 Rba8 42. b4 gxf4 43. exf4 {Threatens to win with b5.} Rf1 (43... Be4 $1 $14) 44. Kg3 $2 {[%mdl 8192]} (44. Na5 $16) 44... Ra3+ $19 45. Rc3 Rxc3+ {Accuracy: White = 43%, Black = 40%.} 0-1

[Event "RUS-ch Men Rapid 2019"]
[Site "Sochi"]
[Date "2019.10.15"]
[Round "3.4"]
[White "Popov, Valerij"]
[Black "Kardashevskiy, Evgeny"]
[Result "1-0"]
[WhiteElo "2625"]
[BlackElo "2428"]
[Annotator "TA"]
[PlyCount "131"]
[EventDate "2019.10.15"]
[EventType "swiss"]
[EventCountry "RUS"]
[SourceTitle "playchess.com"]
[Source "ChessBase"]
[SourceQuality "1"]

{[%evp 10,131,4,16,10,-14,-1,-13,-20,-29,-30,-21,-20,-29,-27,-29,-23,-21,4,-51,-25,-56,0,0,25,-4,63,69,75,77,177,163,173,180,181,175,173,135,197,223,370,374,425,427,576,399,361,389,376,247,247,249,304,214,212,189,240,149,249,247,248,247,247,240,240,240,240,233,239,239,240,240,240,239,239,214,214,212,240,240,240,216,218,217,240,210,230,232,225,214,210,210,212,212,225,225,225,203,225,225,254,225,225,225,225,225,244,244,244,244,254,254,254,0,244,244,244,244,244,244,12832,12834,1905,1818]} 1. c4 e6 2. g3 Nf6 3. Bg2 d5 4. Nf3 d4 5. O-O c5 6. e3 Nc6 {A13: English Opening: 1...e6} 7. Re1 (7. exd4 cxd4 8. d3 Bd6 9. Na3 O-O 10. Nc2 e5 11. b4 a6 12. c5 Bc7 13. a4 e4 14. dxe4 d3 15. Nce1 Nxb4 16. Ba3 {½-½ (35) Anton Guijarro,D (2678)-Wang,H (2725) Changsha 2019}) 7... Bd6 8. Na3 $146 ({Predecessor:} 8. exd4 cxd4 9. d3 O-O 10. Na3 h6 11. Nc2 a5 12. b3 e5 13. a3 Bf5 14. c5 {0-1 (47) Gonzalez Vidal,Y (2550)-Bacallao Alonso,Y (2530) Havana 2015}) 8... O-O {The position is equal.} 9. Nb5 Bb8 10. exd4 cxd4 11. d3 h6 12. Bd2 e5 13. b4 Bf5 14. Qb3 (14. Na3 $11) 14... Re8 15. Rad1 Qd7 (15... Nd7 $15) 16. Na3 $11 Bc7 17. c5 a5 ({Better is} 17... Bg4 $11) 18. b5 $14 Nb4 19. b6 Bb8 (19... Nxd3 $16 20. bxc7 e4) 20. Bxb4 $18 {Hoping for Bd2.} axb4 21. Nc4 Qb5 {[#]} 22. Nxd4 $1 {[%mdl 512]} exd4 23. Bxb7 Rxe1+ (23... Ra4 $16) 24. Rxe1 Ra6 (24... Ra4 $142 25. c6 Kh7) 25. Bxa6 Qxa6 26. c6 Qa8 27. c7 Bxc7 28. bxc7 Bh3 {[%csl Gh3][%cal Ra8g2]} 29. c8=Q+ Qxc8 30. Nd6 ({Don't do} 30. Qxb4 $6 Qc6) 30... Qc3 31. Qxc3 dxc3 {[%mdl 4096] Endgame KRN-KBN} 32. Nb5 Be6 (32... Bf5 $142) 33. Ra1 Nd7 (33... Bf5 $16 {is a better defense.}) 34. a3 Nc5 {Threatens to win with ...c2.} 35. axb4 Nxd3 {White must now prevent ...c2.} 36. Nxc3 Nxb4 37. Ra8+ Kh7 38. Rd8 Nc6 39. Rd6 Ne5 40. f4 Nc4 41. Rc6 {f5! is the strong threat.} Ne3 42. Kf2 Ng4+ {[#]} 43. Kg2 $1 Nf6 44. Rd6 Ne8 45. Rd8 Nf6 46. Kf3 Bg4+ 47. Kf2 Be6 48. Nd1 Ng4+ 49. Kg1 g5 50. Rd4 Kg6 51. Kg2 Bc8 52. h3 Nf6 53. Ne3 Bb7+ 54. Kh2 Be4 55. Rd6 Kg7 56. f5 h5 57. g4 hxg4 58. hxg4 Bf3 59. Rd4 Bb7 60. Nc4 Bd5 61. Ne3 Bb7 $1 62. Kg3 Bc6 63. Nc4 Ne4+ 64. Kh2 {aiming for Na5.} Kf6 $2 (64... Ba8 65. Nd6 Nf2) 65. Na5 Ba8 66. Rd8 {Accuracy: White = 72%, Black = 43%.} 1-0

[Event "RUS-ch Men Rapid 2019"]
[Site "Sochi"]
[Date "2019.10.15"]
[Round "3.5"]
[White "Airapetian, Gor"]
[Black "Moiseenko, Vadim"]
[Result "1/2-1/2"]
[WhiteElo "2447"]
[BlackElo "2595"]
[Annotator "TA"]
[PlyCount "144"]
[EventDate "2019.10.15"]
[EventType "swiss"]
[EventCountry "RUS"]
[SourceTitle "playchess.com"]
[Source "ChessBase"]
[SourceQuality "1"]

{[%evp 10,144,21,20,49,40,41,41,60,39,43,50,54,52,54,60,41,45,52,38,58,50,50,47,64,60,56,33,33,36,23,2,61,32,72,60,60,56,60,62,68,70,113,87,89,88,156,156,156,156,156,154,147,89,517,0,0,0,0,0,0,0,0,0,0,0,0,0,0,0,0,0,0,0,0,0,0,0,0,0,0,-7,0,0,0,0,0,0,0,0,5,5,5,0,4,4,4,4,4,4,4,4,4,4,4,4,4,4,4,4,4,4,4,0,0,0,4,4,4,4,4,0,0,0,0,0,0,0,0,0,0,0,0,0,0,0,0]} 1. d4 Nf6 2. c4 b6 3. Nf3 Bb7 4. Nc3 d5 5. cxd5 Nxd5 6. Qc2 g6 {A50: Queen's Fianchetto Defence (1 d4 Nf6 2 c4 b6)} 7. e4 Nxc3 8. bxc3 Bg7 {White is slightly better.} 9. Bb5+ c6 10. Bc4 O-O $146 ({Predecessor:} 10... b5 11. Bd3 O-O 12. O-O Nd7 13. Bg5 a6 14. a4 {1-0 (41) Grachev,B (2688)-Filipovic,B (2369) Basel 2013}) 11. O-O Ba6 12. Bxa6 Nxa6 13. Qa4 Qc8 14. Bf4 Qb7 15. Rac1 Rac8 16. c4 Rfd8 17. Rfd1 Nc7 18. d5 cxd5 19. cxd5 Na6 20. Be3 h6 (20... Nc5 $11 21. Bxc5 Rxc5) 21. h3 Kh7 22. Qb5 Nc7 {[%cal Ba6c7,Bc7e8,Be8d6][%mdl 32]} 23. Qb3 Ne8 24. Nd4 Nd6 25. Nc6 $36 {[%mdl 2048] White is more active.} Re8 26. f3 e6 27. Bf4 exd5 (27... Bf8 $142) 28. Qxd5 $16 ({Of course not} 28. Bxd6 $6 Rxc6 29. Rxc6 (29. Qxd5 Rxc1 30. Rxc1 Qxd5 $11) 29... Qxc6 $11) 28... Bf8 29. Bxd6 Bxd6 30. Qxd6 Re6 31. Qd7 ({Better is} 31. Nd8 Rxc1 32. Nxb7 (32. Rxc1 Rxd6 33. Nxb7 Rd7 $16) 32... Rxd6 33. Rxc1) 31... Rc7 $2 {[%mdl 8192] [#]} (31... Qxd7 $16 {is more resistant.} 32. Rxd7 Kg7) 32. Nd8 $2 (32. Ne5 $1 $18 Rxd7 33. Rxd7 Qxd7 34. Nxd7) 32... Rxd7 $11 {The position is equal.} 33. Nxb7 Rxb7 {[%mdl 4096] Endgame KRR-KRR} 34. Kf2 b5 35. Rc2 Ra6 36. Rd3 h5 37. Ke3 Ra4 38. a3 Kg7 39. Rb2 a6 40. Rb4 Ra5 41. Rc3 Rd7 42. Rd4 Rxd4 43. Kxd4 {KR-KR} Ra4+ 44. Kd5 h4 45. Ke5 f6+ 46. Ke6 {Rc7+ is the strong threat.} Rc4 47. Rd3 {Threatens to win with Rd7+.} g5 48. Rd6 a5 49. Rd5 {Strongly threatening Kf5.} Rc6+ 50. Kf5 Rb6 51. Rd7+ Kf8 52. e5 fxe5 53. Kxg5 b4 54. axb4 axb4 55. Kxh4 b3 {And now ...b2 would win.} 56. Rd1 Ke7 (56... b2 $5 57. Rb1 $8 Kf7 $11) 57. Kg5 Ke6 (57... b2 $5 58. Rb1 $8 Ke6 $11) 58. h4 Rb8 {Hoping for ...b2.} (58... b2 $5 59. Rb1 $8 Rb8 $11) 59. g4 Rg8+ (59... b2 $5 60. Rb1 $8 Rg8+ 61. Kh6 Kf6 62. g5+ Kf7 $11) 60. Kh6 Rh8+ 61. Kg5 Rg8+ 62. Kh6 Rh8+ 63. Kg6 Rxh4 64. Rb1 {[#]} e4 $1 {[%mdl 512]} 65. Kg5 (65. fxe4 Rxg4+) 65... Rh3 66. Kf4 Rxf3+ 67. Kxe4 Rg3 68. Kd4 Rxg4+ 69. Kc3 Rg3+ 70. Kc4 Rh3 71. Rxb3 Rxb3 72. Kxb3 Ke5 {Accuracy: White = 72%, Black = 65%.} 1/2-1/2